Normal view
MARC view
- Katz, Jerome A.editor
Entry Personal Name
001 - CONTROL NUMBER
- control field: 38208
003 - CONTROL NUMBER IDENTIFIER
- control field: OSt
005 - DATE AND TIME OF LATEST TRANSACTION
- control field: 20190403143516.0
008 - FIXED-LENGTH DATA ELEMENTS
- fixed length control field: 190403|| aca||aabn | a|a d
040 ## - CATALOGING SOURCE
- Original cataloging agency: OSt
- Transcribing agency: OSt
100 ## - HEADING--PERSONAL NAME
- Personal name: Katz, Jerome A.editor
670 ## - SOURCE DATA FOUND
- Source citation: Work cat.: (OSt): Corbett, Andrew C. editor 38203, Entrepreneurial resourcefulness :, ©2013.
